000 00363 a2200169 4500
001 61072
020 _a
040 _cAnchieta - Pituba
100 _aPaulino, Graça
240 1 0 _aTeoria da literatura na escola
_lpor
245 1 0 _aTeoria da literatura na escola
300 _a120
362 0 _a1994
440 1 _a
650 4 _aLITERATURA
942 _cBK
999 _c61072
_d61072